000 00437nam a2200181Ia 4500
001 5182
005 20260306145849.0
008 260306t2016||||xx |||||||||||||| ||spa||
041 _aESP
082 _a337
_bK84 2016
100 _aKrugman, Paul R.
_eAUT
245 0 _aEconomía internacional:
_bteoría y política
260 _c2016
300 _a753 páginas
_c25 cm.
650 _aGEN
654 _aCAN
942 _cLIB
_dJUS
_fJUS
_2ddc
_n
999 _c5182
_d5182